000 00838nam a2200229 a 4500
003 0
005 20250322082855.0
008 060801s19uu xx 00 eng d
050 _aPGS QR 82.O4.S73
_b.H557 2006
100 _aHernandez, Ivan Crys T.
245 _aA feasibility study on the use of Staphylococcus aureus for bioremediation /
_cIvan Crys T. Hernandez.
260 _aLas PiƱas City, Philippines :
_bSouthville International School and Colleges,
_c2006.
300 _a24 pages :
_billustrations ;
_c28 cm.
504 _aIncludes bibliographical references.
650 _aBioremediation.
650 _aPetroleum
_vBiodegradation.
650 _aOil pollution
_vBiodegradation.
650 _aStaphylococcus aureus.
650 _aMicrobial degradation.
650 _aEnvironmental microbiology.
942 _2lcc
_cPASS
999 _c97492
_d97492